Informe final seminario sobre métodos y procedimientos de comunicación en educación en el marco del proyecto principal
Tallennettuna:
| Yhteisötekijä: | |
|---|---|
| Aineistotyyppi: | Konferenssijulkaisu Kirja |
| Kieli: | Spanish |
| Julkaistu: |
Santiago, Chile
Oficina Regional de Educación para América Latina y El Caribe, OREAL ; UNESCO
1983
|
| Aiheet: | |
| Tagit: |
Lisää tagi
Ei tageja, Lisää ensimmäinen tagi!
|
MARC
| LEADER | 00000nam a22000007a 4500 | ||
|---|---|---|---|
| 003 | cru CIDCACS/IIS | ||
| 005 | 20180119111046.0 | ||
| 008 | 180119b1983 cl |||||||||||1|| ||spa d | ||
| 999 | |c 40844 |d 40844 | ||
| 040 | |c cru CIDCACS/IIS | ||
| 090 | |a oo.oo.oo Ixxxi | ||
| 111 | 1 | |9 6426 |a Seminario sobre Métodos y procedimientos de Comunicación en Educación en el Marco del Proyecto Principal, CIESPAL |c Quito, Ecuador |d 21-28 de setiembre de 1982 | |
| 245 | 1 | 0 | |a Informe final seminario sobre métodos y procedimientos de comunicación en educación en el marco del proyecto principal |
| 260 | |a Santiago, Chile |b Oficina Regional de Educación para América Latina y El Caribe, OREAL ; UNESCO |c 1983 | ||
| 300 | |a 106 páginas | ||
| 500 | |a Colección Alforja | ||
| 650 | 1 | 7 | |9 944 |a EDUCACION |
| 650 | 1 | 7 | |9 196 |a COMUNICACION |
| 650 | 1 | 7 | |9 5477 |a INVESTIGACION EDUCATIVA |
| 650 | 1 | 7 | |9 238 |a INVESTIGACION SOBRE LA COMUNICACION |
| 650 | 1 | 7 | |9 1849 |a DEMOCRATIZACION |
| 650 | 1 | 0 | |9 3900 |a PLANIFICACIÓN ESTRATÉGICA |
| 650 | 1 | 0 | |9 3115 |a PROYECTOS DE EDUCACIÓN |
| 651 | 1 | 0 | |9 17 |a AMERICA LATINA |
| 942 | |2 ddc |c LI | ||
